000 02879nam0a2200409 4500
001 RU\NLR\BIBL_A\016369422
005 20260406173401.0
035 _a(NLR Aleph) 016369422
090 _a13177306
_c13177306
100 _a20200220d1905 |||y0rusy50 ca
101 0 _arus
102 _aRU
105 _ay z 000zy
181 0 _ai
_baxxe
182 0 _an
200 1 _aО пособиях некоторым сельскохозяйственным обществам
_fГосударственный Совет, в Соединенных Департаментах промышленности, наук и торговли и государственной экономии. Главное Управление землеустройства и земледелия. 28 октября 1905 года. № 73
203 _aТекст
_bвизуальный
_cнепосредственный
210 _a[Cанкт-Петербург
_cб. и.]
_d1905
215 _a2 с.
_d34
300 _aВ конце текста: Подписали: Н. Чихачов, Н. Петров, Н. Балашов [и др.]; Скрепил: Статс-Секретарь Тимрот
309 _aБез тит. л. и обл.
316 _aЭкз. РНБ входит в конволют: Материалы. Т. 39 (1905) / Россия. Государственный совет. Департамент промышленности, наук и торговли
_5NLR
517 1 _aМатериалы. Т. 39 (1905)
606 1 _aСельское хозяйство
_jДокументы и материалы
_xФинансирование
_yРоссия
_92439313
_3RU\NLR\AUTH\6601669210
686 3 _aУ26(28)153.232,011
702 1 _4720
_7ca
_8rus
_aЧихачёв
_bН. М.
_cадмирал, гос. деятель
_f1830-1917
_gНиколай Матвеевич
_9197499
_3RU\NLR\AUTH\770197550
702 1 _4720
_8rus
_7ca
_aПетров
_bН. С.
_cгос. деятель
_f1833-1913
_gНиколай Степанович
_3RU\NLR\AUTH\7782850
_965778
702 1 _4720
_7ca
_8rus
_aБалашов
_bН. П.
_cгос. деятель
_f1840-1931
_gНиколай Петрович
_9257600
_3RU\NLR\AUTH\770257656
702 1 _4720
_7ca
_8rus
_aТимрот
_bА. Г.
_cгос. деятель
_f1865-1944
_gАлександр Григорьевич
_9256486
_3RU\NLR\AUTH\770256542
711 0 1 _aРоссия
_bГлавное управление землеустройства и земледелия
_3RU\NLR\AUTH\889941168
_9377190
712 0 1 _4570
_aРоссия
_bСоединенные департаменты промышленности, наук и торговли и государственной экономии
_9841836
_3RU\NLR\AUTH\880587993
852 _aNLR
_j135/295-39(35)
942 _cBOOK
980 _aNB